Normal view MARC view

Entry Personal Name

Number of records used in: 1

001 - CONTROL NUMBER

  • control field: 21043

003 - CONTROL NUMBER IDENTIFIER

  • control field: OSt

005 - DATE AND TIME OF LATEST TRANSACTION

  • control field: 20210128163334.0

008 - FIXED-LENGTH DATA ELEMENTS

  • fixed length control field: 210128|| aca||aabn | a|a d

040 ## - CATALOGING SOURCE

  • Original cataloging agency: OSt
  • Transcribing agency: OSt

100 ## - HEADING--PERSONAL NAME

  • Personal name: Htun, Mala and Jensenius, Francesca R.

670 ## - SOURCE DATA FOUND

  • Source citation: Work cat.: (OSt)514552: Htun, Mala and Jensenius, Francesca R. , Fighting violence against women: laws, norms & challenges ahead

Powered by Koha